Archivmaterialien zu Daniela Friebel, 1975-

Guardado en:  
Detalles Bibliográficos
Autor principal: Friebel, Daniela 1975- (Autor)
Tipo de documento: Electrónico Archival Collections
Lenguaje:Alemán
Verificar disponibilidad: HBZ Gateway
En:Año: 2019
Acceso en línea: Archivdatenbank (Kalliope Verbundkatalog)

MARC

LEADER 00000npc a22000002 4500
001 LR133361969
003 PipeLineGenerated
005 20260429062310.0
008 190606s2019 xx ||||| 00| ||ger c
100 |a Friebel, Daniela  |0 (DE-588)133361969  |0 (DE-627)543661423  |d 1975- 
245 |a Archivmaterialien zu Daniela Friebel, 1975- 
856 |u https://kalliope-verbund.info/gnd/133361969  |3 Archivdatenbank (Kalliope Verbundkatalog) 
BIB |a 1  |o create_literary_remains_records 
ELC |a 1 
SUB |a BIB